000 00298nam a22001337a 4500
005 20170401155159.0
008 170401b xxu||||| |||| 00| 0 eng d
041 _aeng
100 _aKAKU,L.C
_93781
245 _aPRACTICAL TRAINING IN MINES
300 _a148
650 _aMINING
_93793
942 _cBK
999 _c5397
_d5395